| 000 | 00562nam a22001817a 4500 | ||
|---|---|---|---|
| 003 | CEME | ||
| 005 | 20210628203440.0 | ||
| 008 | 210122b xxu||||| |||| 00| 0 eng d | ||
| 020 | _a3-540-22136-0 | ||
| 040 | _cceme | ||
| 082 | _a532.0535 DRI | ||
| 100 |
_aDrikakis, Dimitris , Rider, William _965529 |
||
| 245 | _aHigh resolution mehtods for incompressible and low speed flows | ||
| 260 |
_aRAWALPINDI _bSPRINGER _c2005 |
||
| 300 | _aXX,622 P | ||
| 650 |
_aFLUID MECHANICS, NUMERICAL ANALYSIS.COMPUTATIONAL FLUID.SOLID MECHANICS. _965530 |
||
| 942 |
_cBK _2ddc |
||
| 999 |
_c573708 _d573708 |
||